El sitio de Cuautla (Record no. 3630)

MARC details
000 -CABECERA
campo de control de longitud fija 00860nam a2200253 a 4500
001 - NÚMERO DE CONTROL
campo de control BRCA_3903
005 - FECHA Y HORA DE LA ÚLTIMA TRANSACCIÓN
campo de control 20190320204452.0
008 - DATOS DE LONGITUD FIJA--INFORMACIÓN GENERAL
campo de control de longitud fija 090110s1938----mx-#######---#000-0#spa-#
041 ## - CÓDIGO DE LENGUA
Código de lengua del texto/banda sonora o título independiente spa
044 ## - CÓDIGO DEL PAÍS DE LA ENTIDAD EDITORA/PRODUCTORA
Código MARC del país mx
050 #4 - SIGNATURA TOPOGRÁFICA DE LA BIBLIOTECA DEL CONGRESO
Número de clasificación F1231.5
Número de documento/Ítem .Z33 1938
100 1# - ENTRADA PRINCIPAL--NOMBRE DE PERSONA
Nombre de persona Zabalza y Valencia, Manuel.
9 (RLIN) 10148
245 10 - MENCIÓN DE TÍTULO
Título El sitio de Cuautla
Mención de responsabilidad, etc. Manuel Zabalza y Valencia
260 ## - PUBLICACIÓN, DISTRIBUCIÓN, ETC.
Lugar de publicación, distribución, etc. México
Nombre del editor, distribuidor, etc. Archivo General de la Nación
Fecha de publicación, distribución, etc. 1938
300 ## - DESCRIPCIÓN FÍSICA
Extensión 449-455 p.
Dimensiones 24 cm.
440 #0 - MENCIÓN DE SERIE/PUNTO DE ACCESO ADICIONAL--TÍTULO
Título Boletín del Archivo General de la Nación
Designación de volumen o secuencia 93
9 (RLIN) 10149
500 ## - NOTA GENERAL
Nota general C49
505 0# - NOTA DE CONTENIDO CON FORMATO
Nota de contenido con formato Informe sobre el sitio de Cuautla del 12 de noviembre de 1826.
600 14 - PUNTO DE ACCESO ADICIONAL DE MATERIA--NOMBRE DE PERSONA
Nombre de persona Morelos y Pavón, José María
Fechas asociadas al nombre 1765-1815.
9 (RLIN) 7961
651 #4 - PUNTO DE ACCESO ADICIONAL DE MATERIA--NOMBRE GEOGRÁFICO
Nombre geográfico México
Subdivisión de forma Historia
Subdivisión general Guerra de Independencia,
Subdivisión cronológica 1810-1821.
9 (RLIN) 9860
700 1# - PUNTO DE ACCESO ADICIONAL--NOMBRE DE PERSONA
Nombre de persona Archivo General de la Nación
Nombre de parte o sección de la obra (México)
9 (RLIN) 10150
902 ## - CATALOGADOR
Iniciales GFM
942 ## - ELEMENTOS DE PUNTO DE ACCESO ADICIONAL (KOHA)
Fuente del sistema de clasificación o colocación Library of Congress Classification
Tipo de ítem Koha Libros
Holdings
Estado de retiro Estado de pérdida Estado dañado No para préstamo Localización permanente Ubicación/localización actual Fecha de adquisición Número de inventario Total de préstamos Signatura topográfica completa Código de barras Fecha visto por última vez Precio válido a partir de Tipo de ítem Koha
El ejemplar forma parte de la colección y puede ser consultado según las políticas vigentes.       Biblioteca del Museo Franz Mayer (Rogerio Casas-Alatriste) Biblioteca del Museo Franz Mayer (Rogerio Casas-Alatriste) 09/01/2010 C49   F1231.5 .Z33 1938 (C49) 3900 22/03/2019 22/03/2019 Libros